Regional problems and policies in Italy and France / (Record no. 4475)
[ view plain ]
| 000 -LEADER | |
|---|---|
| fixed length control field | 01101nam a2200313 a 4500 |
| 001 - CONTROL NUMBER | |
| control field | 4475 |
| 003 - CONTROL NUMBER IDENTIFIER | |
| rucl marc code | BD-RjUL |
| 005 - DATE AND TIME OF LATEST TRANSACTION | |
| control field | 20211208233910.0 |
| 008 - FIXED-LENGTH DATA ELEMENTS--GENERAL INFORMATION | |
| fixed length control field | 131222s1970 enkb b 001 0 eng |
| 020 ## - INTERNATIONAL STANDARD BOOK NUMBER | |
| International Standard Book Number | 0043301657 (hbk.) |
| 035 ## - SYSTEM CONTROL NUMBER | |
| System control number | (BD-RjUL) |
| 040 ## - CATALOGING SOURCE | |
| Original cataloging agency | DLC |
| Transcribing agency | DLC |
| Modifying agency | m.c |
| Language of cataloging | eng |
| 041 ## - LANGUAGE CODE | |
| Language code of text/sound track or separate title | eng |
| 082 ## - DEWEY DECIMAL CLASSIFICATION NUMBER | |
| Classification number | 330.945 |
| Author mark and year | ALR 1970 |
| 100 1# - MAIN ENTRY--PERSONAL NAME | |
| Personal name | Allen, Kevin, |
| Dates associated with a name | 1941- |
| 9 (RLIN) | 14145 |
| 245 10 - TITLE STATEMENT | |
| Title | Regional problems and policies in Italy and France / |
| Statement of responsibility, etc. | [by] Kevin Allen and M.C. MacLennan |
| 260 ## - PUBLICATION, DISTRIBUTION, ETC. (IMPRINT) | |
| Place of publication, distribution, etc. | London : |
| Name of publisher, distributor, etc. | G. Allen and Unwin, |
| Date of publication, distribution, etc. | 1970 |
| 300 ## - PHYSICAL DESCRIPTION | |
| Pagination | xvi, 352 p. : |
| Illustrations | ill. ; |
| Size | 23 cm |
| 490 1# - SERIES STATEMENT | |
| Series statement | University of Glasgow social and economic studies ; |
| Volume/sequential designation | new ser., 19 |
| 504 ## - BIBLIOGRAPHY, ETC. NOTE | |
| Bibliography, etc | Includes bibliographical references and index. |
| 650 #0 - SUBJECT ADDED ENTRY--TOPICAL TERM | |
| Topical term or geographic name as entry element | Economic zoning |
| Geographic subdivision | Italy. |
| 9 (RLIN) | 6572 |
| Topical term or geographic name as entry element | Economic zoning |
| Geographic subdivision | France. |
| 9 (RLIN) | 14146 |
| Topical term or geographic name as entry element | Regional planning |
| Geographic subdivision | Italy. |
| 9 (RLIN) | 14147 |
| Topical term or geographic name as entry element | Regional planning |
| Geographic subdivision | France. |
| 9 (RLIN) | 12171 |
| 700 1# - ADDED ENTRY--PERSONAL NAME | |
| Personal name | MacLennan, M. C. |
| Fuller form of name | (Malcolm Cameron) |
| 830 #0 - SERIES ADDED ENTRY--UNIFORM TITLE | |
| Volume number/sequential designation | new ser., 19 |
| Uniform title | University of Glasgow social and economic studies ; |
| 942 ## - ADDED ENTRY ELEMENTS (KOHA) | |
| Source of classification or shelving scheme | Dewey Decimal Classification |
| Koha item type | Books |
| Lost status | Source of classification or shelving scheme | Damaged status | Not for loan | Collection code | Permanent Location | Current Location | Shelving location | Date acquired | Source of acquisition | Cost, normal purchase price | Total Checkouts | Full call number | Date last seen | Copy number | Koha item type |
|---|---|---|---|---|---|---|---|---|---|---|---|---|---|---|---|
| Dewey Decimal Classification | Not For Loan | Non-fiction | Central Library, University of Rajshahi | Central Library, University of Rajshahi | Reading Room | 11/05/1977 | W. Heffer and Sons. | 5.25 | 330.945 ALR 1970 | 22/12/2013 | C-1 | Books | |||
| Dewey Decimal Classification | Non-fiction | Central Library, University of Rajshahi | Central Library, University of Rajshahi | 11/05/1977 | W. Heffer and sons | 5.25 | 330.945 ALR 1970 | 26/07/2016 | C-2 | Books | |||||
| Dewey Decimal Classification | Non-fiction | Central Library, University of Rajshahi | Central Library, University of Rajshahi | 11/05/1977 | W. Heffer and sons | 5.25 | 330.945 ALR 1970 | 26/07/2016 | C-3 | Books |